Economic discussion paper (Record no. 107214)
[ view plain ]
| 000 -LEADER | |
|---|---|
| fixed length control field | 01372cad a22002175a 4500 |
| 001 - CONTROL NUMBER | |
| control field | L138609 |
| 008 - FIXED-LENGTH DATA ELEMENTS--GENERAL INFORMATION | |
| fixed length control field | 070626s20070621xxk f f000 0 eng d |
| 020 ## - INTERNATIONAL STANDARD BOOK NUMBER | |
| International Standard Book Number | 9780755966592 |
| 035 ## - SYSTEM CONTROL NUMBER | |
| System control number | (Sirsi) u138609 |
| 041 0# - LANGUAGE CODE | |
| Language code of text/sound track or separate title | eng |
| 050 04 - LIBRARY OF CONGRESS CALL NUMBER | |
| Classification number | 333.33 $2 18 |
| 110 1# - MAIN ENTRY--CORPORATE NAME | |
| Corporate name or jurisdiction name as entry element | Scotland |
| Subordinate unit | Scottish Executive |
| 9 (RLIN) | 4769 |
| 245 00 - TITLE STATEMENT | |
| Title | Economic discussion paper |
| Remainder of title | Scottish housing market review |
| -- | evidence and analysis 2007 |
| Medium | [electronic resource] |
| 260 ## - PUBLICATION, DISTRIBUTION, ETC. | |
| Place of publication, distribution, etc. | Edinburgh |
| Name of publisher, distributor, etc. | Scottish Executive |
| Date of publication, distribution, etc. | 2007 |
| 520 ## - SUMMARY, ETC. | |
| Summary, etc. | Presents data on recent market trends and affordability. Analyses supply and demand, particularly the role of changes in the credit market and the responsiveness of the housing market to higher prices. Although the market showed greater responsiveness in 2004, signs are that this advantage is deteriorating. The high proportion of new build is also faltering, with house prices 72% higher in 2006 than in 2002 and new build increasing by only 2%. The increase in prices has therefore not been met by a similar rise in housing stock. 30% of working households in Edinburgh cannot afford the cheapest properties. |
| 590 ## - LOCAL NOTE (RLIN) | |
| Local note | KA |
| 651 #4 - SUBJECT ADDED ENTRY--GEOGRAPHIC NAME | |
| Geographic name | Scotland |
| Chronological subdivision | 1999- |
| 690 ## - LOCAL SUBJECT ADDED ENTRY--TOPICAL TERM (OCLC, RLIN) | |
| Topical term or geographic name as entry element | PROPERTY-RESIDENTIAL PROPERTY-RESIDENTIAL PROPERTY MARKET |
| 856 40 - ELECTRONIC LOCATION AND ACCESS | |
| Uniform Resource Identifier | <a href="https://www.scotland.gov.uk/Publications/2007/06/20154930/0">https://www.scotland.gov.uk/Publications/2007/06/20154930/0</a> |
| Public note | View the item free of charge at www.scotland.gov.uk... |
| 942 ## - ADDED ENTRY ELEMENTS (KOHA) | |
| Suppress in OPAC | 0 |
| Withdrawn status | Lost status | Source of classification or shelving scheme | Damaged status | Not for loan | Home library | Current library | Shelving location | Date acquired | Total Checkouts | Full call number | Barcode | Date last seen | Copy number | Price effective from | Koha item type |
|---|---|---|---|---|---|---|---|---|---|---|---|---|---|---|---|
| Dewey Decimal Classification | Virtual | Virtual | Online | 26/06/2007 | ONLINE PUBLICATION | 138609-1001 | 06/08/2019 | 1 | 06/08/2019 | Book |